| 000 | 00550nam a2200145 i 4500 | ||
|---|---|---|---|
| 001 | bg | ||
| 245 | 0 |
_aFunctonal-differential systems and related topics III : _bproceedings of the Ihird International Conference held at Błażejewko, Poland May 22-29, 1983 / _cedit. by Michał Kisielewicz ; The Higher College of Engineeering in Zielona Góra. |
|
| 260 |
_aZielona Góra : _bHCE, _c1983. |
||
| 300 |
_a266 s. : _brys. ; _c24 cm. |
||
| 040 | _cBPK | ||
| 041 | _apol | ||
| 080 | _a517(061.3) | ||
| 942 | _cKS | ||
| 008 | s pl f |000 0 pol | ||
| 999 |
_c28308 _d28308 |
||
| 856 |
_uhttp://koha.tu.koszalin.pl/cgi-bin/koha/opac-detail.pl?biblionumber=28308 _yKatalog online BPK |
||